Une cité de transit et ses habitants (notice n° 1591958)
[ vue normale ]
| 000 -LEADER | |
|---|---|
| fixed length control field | 01414cam a2200253 4500500 |
| 005 - DATE AND TIME OF LATEST TRANSACTION | |
| control field | 20251228065642.0 |
| 041 ## - LANGUAGE CODE | |
| Language code of text/sound track or separate title | fre |
| 042 ## - AUTHENTICATION CODE | |
| Authentication code | dc |
| 100 10 - MAIN ENTRY--PERSONAL NAME | |
| Personal name | Macquaire, Patrick |
| Relator term | author |
| 245 00 - TITLE STATEMENT | |
| Title | Une cité de transit et ses habitants |
| 260 ## - PUBLICATION, DISTRIBUTION, ETC. | |
| Date of publication, distribution, etc. | 2022.<br/> |
| 500 ## - GENERAL NOTE | |
| General note | 29 |
| 520 ## - SUMMARY, ETC. | |
| Summary, etc. | Dans cette interview, un acteur du développement social évoque, à propos de son ouvrage, une expérience exceptionnelle dans une cité de transit à Chartres. Quelles difficultés particulières a-t-il rencontrées ? Quelle place particulière a pu occuper, dans la représentation du quartier, l’image omniprésente de Raymond Isidore, le balayeur mythique surnommé « Picassiette » qui avait vécu là, près du cimetière ? Sur quelles théories s’est-il appuyé pour faire sortir les habitants de leur ghetto ? Comment le politique a-t-il pu rencontrer l’esthétique à partir d’une pratique étendue de la mosaïque ? |
| 690 ## - LOCAL SUBJECT ADDED ENTRY--TOPICAL TERM (OCLC, RLIN) | |
| Topical term or geographic name as entry element | « Picassiette » |
| 690 ## - LOCAL SUBJECT ADDED ENTRY--TOPICAL TERM (OCLC, RLIN) | |
| Topical term or geographic name as entry element | Art |
| 690 ## - LOCAL SUBJECT ADDED ENTRY--TOPICAL TERM (OCLC, RLIN) | |
| Topical term or geographic name as entry element | cité de transit |
| 690 ## - LOCAL SUBJECT ADDED ENTRY--TOPICAL TERM (OCLC, RLIN) | |
| Topical term or geographic name as entry element | complexité |
| 690 ## - LOCAL SUBJECT ADDED ENTRY--TOPICAL TERM (OCLC, RLIN) | |
| Topical term or geographic name as entry element | développement social |
| 690 ## - LOCAL SUBJECT ADDED ENTRY--TOPICAL TERM (OCLC, RLIN) | |
| Topical term or geographic name as entry element | politique |
| 690 ## - LOCAL SUBJECT ADDED ENTRY--TOPICAL TERM (OCLC, RLIN) | |
| Topical term or geographic name as entry element | régie de quartier |
| 700 10 - ADDED ENTRY--PERSONAL NAME | |
| Personal name | Gomez, Jean-François |
| Relator term | author |
| 786 0# - DATA SOURCE ENTRY | |
| Note | VST - Vie sociale et traitements | 155 | 3 | 2022-07-29 | p. 79-86 | 0396-8669 |
| 856 41 - ELECTRONIC LOCATION AND ACCESS | |
| Uniform Resource Identifier | <a href="https://shs.cairn.info/revue-vie-sociale-et-traitements-2022-3-page-79?lang=fr&redirect-ssocas=7080">https://shs.cairn.info/revue-vie-sociale-et-traitements-2022-3-page-79?lang=fr&redirect-ssocas=7080</a> |
Pas d'exemplaire disponible.




Réseaux sociaux